000 00671nam a22002177a 4500
003 UA-OsUOA
001 79809
007 ta
008 20111121b un ||||| |||| 00| 0 ukr d
100 _aСафаров Н.А.
090 _a34
_bС21
942 _cSA
040 _aUA-OsUOA
_brus
_cUA-OsUOA
_dUA-OsUOA
245 _aПреследование международных преступлений: универсальная юрисдикция против дипломатического иммунитета
300 _aС.81-93
955 _a0
041 _arus
080 _a34
773 0 _w79798
650 7 _a34 Право. Юриспруденція
_2UDC
999 _c366160
_d366160